| 000 | 00624nam a2200133Ia 4500 | ||
|---|---|---|---|
| 003 | GCL | ||
| 008 | 140319s9999 xx 000 0 ara d | ||
| 040 |
_aGCL / _cGCL |
||
| 082 | 0 | 4 |
_a301.363 _bم ب |
| 100 | 1 | _aالمعهد العربى لانماء المدن | |
| 245 | 1 | 0 |
_aالبيئة الصحية فى المدن العربية: مجموعة دراسات وابحاث المؤتمر الرابع لمنظمة المدن العربية المنعقد فى الفترة من ربيع الاول 1394 هـ - ابريل 1974 م بغداد / _cالمعهد العربى لانماء المدن |
| 300 | _a544 ص | ||
| 490 | _a | ||
| 999 |
_c37938 _d37938 |
||